| 000 | 01199cam a22003377a 4500 | ||
|---|---|---|---|
| 003 | CHAP | ||
| 005 | 20220817041824.0 | ||
| 008 | 971013s r 00010 d | ||
| 010 | _a25606 | ||
| 011 | _a26578 | ||
| 035 | _a30679 | ||
| 040 | _cCHAP | ||
| 082 |
_a382.6 _bI56 |
||
| 110 |
_aInstituto para la Integración de América Latina _959425 |
||
| 245 | 0 | _aEstadísticas de exportación de los países de la ALADI 19 - | |
| 260 |
_aBuenos Aires : _bInstituto para la Integración de América Latina, _c19 - |
||
| 300 | _av | ||
| 490 | 0 | _aCooperación empresaria III-Estadística | |
| 500 | _aLa biblioteca tiene: 1980-1982 | ||
| 590 |
_aBATCH-UPD _b10 _c20130110 _lUCH01 _h1922 |
||
| 590 |
_aBATCH-UPD _b10 _c20130410 _lUCH01 _h1248 |
||
| 590 |
_aBATCH-UPD _b10 _c20130914 _lUCH01 _h1013 |
||
| 590 |
_aCONVERSION _b10 _c20130109 _lUCH01 _h1315 |
||
| 650 | 1 | 4 |
_aComercio _xAmérica Latina. _925560 |
| 650 | 1 | 4 |
_aExportación e importación _xAmérica Latina. _939078 |
| 710 | 0 | _aBanco Interamericano de Desarrollo. | |
| 830 | 0 |
_aCooperación empresaria III-Estadística _927768 |
|
| 901 | _aBK | ||
| 942 | _cLIBRO | ||
| 949 |
_a382.6 I56 _bBC _cC _d33724000515151 _eC _f1980-1982 _h66186 _i30679 _si |
||
| 999 |
_c25606 _d25606 |
||